000 00413nam a2200181Ia 4500
001 20290
005 20260306172755.0
008 260306t2007||||xx |||||||||||||| ||spa||
041 _aESP
082 _a343.1
_bO88
100 _aOtto, Ignacio de
_eAUT
245 0 _aDerecho constitucional
260 _c2007
300 _a315 páginas :
_ccm.
650 _aGEN
654 _aCDE
942 _cLIB
_dJUS
_fJUS
_2ddc
_n
999 _c20290
_d20290